Catalog

Record Details

Catalog Search



Available copies

  • 2 of 3 copies available at LARL/NWRL Consortium. (Show)
  • 1 of 1 copy available at Northwest Regional Library.

Current holds

0 current holds with 3 total copies.

Show Only Available Copies
Location Call Number / Copy Notes Barcode Shelving Location Status Due Date
Hallock Public Library e KEA (BOARD BOOK) (Text) 35500006909699 New Available -

Record details

  • ISBN: 0063429225
  • ISBN: 9780063429222
  • Physical Description: 1 volume (unpaged) : color illustrations ; 18 cm.
  • Edition: First edition.
  • Publisher: New York, NY : Harper, 2025.

Content descriptions

General Note:
Cover title
On board pages.
Summary, etc.:
"Hank, a six-year-old boy with a big imagination, ... Read More
Subject: Trucks > Juvenile fiction.
Refuse collection vehicles > Juvenile fiction.
Refuse and refuse disposal > Juvenile fiction.
Friendship in children > Juvenile fiction.
Christmas stories.
Trucks > Fiction.
Refuse collection vehicles > Fiction.
Refuse and refuse disposal > Fiction.
Friendship > Fiction.
Christmas > Fiction.
Genre: Christmas fiction.
Board books.
Picture books.
LDR 02539cam a22005893i 4500
001471985
003LARL_NWRL_CONSORTIUM
00520251128161550.0
008241228s2025 nyua a 000 1 eng d
040 . ‡aYDX ‡beng ‡erda ‡cYDX ‡dBDX ‡dOCLCO ‡dIG# ‡dOCLCQ ‡dOCLCO ‡dRNL ‡dOCLCO
020 . ‡a0063429225
020 . ‡a9780063429222 ‡qboard
035 . ‡a(OCoLC)1481473245
08204. ‡a[E] ‡223/eng/20250904
1001 . ‡aKeane, Max, ‡eauthor, ‡eillustrator. ‡1https://id.oclc.org/worldcat/entity/E39PCjwTtHJdHhtCvHw69W9jyd
24510. ‡aTrash truck's Christmas / ‡cMax Keane.
250 . ‡aFirst edition.
264 1. ‡aNew York, NY : ‡bHarper, ‡c2025.
300 . ‡a1 volume (unpaged) : ‡bcolor illustrations ; ‡c18 cm.
336 . ‡atext ‡btxt ‡2rdacontent
336 . ‡astill image ‡bsti ‡2rdacontent
337 . ‡aunmediated ‡bn ‡2rdamedia
338 . ‡avolume ‡bnc ‡2rdacarrier
500 . ‡aCover title
500 . ‡aOn board pages.
520 . ‡a"Hank, a six-year-old boy with a big imagination, and his best pal, the honking, snorting Trash Truck, celebrate the spirit of the season in their own special way. With twinkling lights, festive fun, and Christmas morning surprises, Hank and Trash Truck discover that the true gift of Christmas is time spent together"-- ‡cProvided by publisher.
650 0. ‡aTrucks ‡vJuvenile fiction. ‡0(LARL_NWRL_CONSORTIUM)39534
650 0. ‡aRefuse collection vehicles ‡vJuvenile fiction.
650 0. ‡aRefuse and refuse disposal ‡vJuvenile fiction.
650 0. ‡aFriendship in children ‡vJuvenile fiction.
650 0. ‡aChristmas stories. ‡0(LARL_NWRL_CONSORTIUM)16743
650 1. ‡aTrucks ‡vFiction. ‡0(LARL_NWRL_CONSORTIUM)39529
650 1. ‡aRefuse collection vehicles ‡vFiction.
650 1. ‡aRefuse and refuse disposal ‡vFiction.
650 1. ‡aFriendship ‡vFiction. ‡0(LARL_NWRL_CONSORTIUM)164944
650 1. ‡aChristmas ‡vFiction. ‡0(LARL_NWRL_CONSORTIUM)175931
655 7. ‡aChristmas fiction. ‡2lcgft
655 7. ‡aBoard books. ‡2lcgft
655 7. ‡aPicture books. ‡2lcgft
936 . ‡aBATCHLOAD
905 . ‡uvanderl
901 . ‡a471985 ‡bAUTOGEN ‡c471985 ‡tbiblio ‡soclc

Additional Resources